000 00578nam a2200229Ia 4500
003 OSt
005 20220928102055.0
006 a|||||r|||| 00| 0
007 ta
008 220927b |||||||| |||| 00| 0 eng d
024 _a26702
037 _cTextual
040 _aSDCL
_cSDCL
_beng
041 _2eng
_aeng
082 _aQ13:21, N4
100 _aSingh Nagsharan
_9396427
245 0 _aSamdev samhita.
260 _aDelhi
_bNag Prakashan
_c1994
300 _a140p.
_ccm.
942 _hQ13:21, N4
_cTEXL
_2CC
999 _c712157
_d712157